000 00200 a2200097 4500
020 _a9780786849567
041 _aeng
100 _aColfer, eoin
245 _aArtemis fowl the lost colony
942 _cBK
999 _c11347
_d11347